000 00564nam a22001937a 4500
003 0
005 20241002103238.0
008 241002b xxu||||| |||| 00| 0 eng d
020 _a9780316428644
050 _aPS 3558
_b.H643 2020
100 _aHilderbrand, Elin,
_eauthor.
245 _a28 summers :
_ba novel /
_cElin Hilderbrand.
260 _aNew York, NY :
_bLittle, Brown and Company,
_c2020.
300 _a422 p. ;
_c21 cm.
650 _aFamily secrets
_vFiction.
650 _aFamilies
_vFiction.
650 _aMothers and sons
_vFiction.
942 _2lcc
_cBK
999 _c366435
_d366435